[Event "Groningen op"]
[Site "Groningen"]
[Date "1998.12.21"]
[Round "2"]
[White "Schlosser, Philipp"]
[Black "Bromberger, Stefan"]
[Result "1-0"]
[WhiteElo "2505"]
[BlackElo "2340"]

1.Nf3 Nf6 2.d4 d5 3.c4 c6 4.Nc3 e6 5.e3 Nbd7 6.Qc2 Bd6 7.Be2 O-O 8.b3 e5
9.cxd5 cxd5 10.Nb5 Bb8 11.Ba3 Re8 12.Rc1 e4 13.Nd2 a6 14.Nc7 Bxc7 15.Qxc7 Qxc7
16.Rxc7 Nb8 17.Be7 Rxe7 18.Rxc8+ Re8 19.Rc7 Ra7 20.O-O Nc6 21.Rc1 Rea8 22.g4 Kf8
23.g5 Ng8 24.Nb1 Nge7 25.Nc3 Ke8 26.Bg4 f5 27.gxf6 gxf6 28.Be6 Rd8 29.Nxd5  1-0

[Event "Groningen op"]
[Site "Groningen"]
[Date "1998.12.21"]
[Round "2"]
[White "Atalik, Suat"]
[Black "Van Kooten, Luuk"]
[Result "1-0"]
[WhiteElo "2585"]
[BlackElo "2355"]

1.d4 d5 2.c4 c6 3.Nf3 Nf6 4.Nc3 e6 5.e3 Nbd7 6.Bd3 dxc4 7.Bxc4 b5 8.Be2 a6
9.e4 b4 10.e5 bxc3 11.exf6 cxb2 12.fxg7 Bxg7 13.Bxb2 Qa5+ 14.Nd2 c5 15.O-O Bb7
16.Nb3 Qa4 17.Qd2 Rg8 18.f3 c4 19.Na5 Bd5 20.Rfb1 Nf6 21.Bc3 Bf8 22.Bd1 Qa3
23.Rc1 Rc8 24.Rab1 Rg6 25.Rc2 Bh6 26.Qe2 Nh5 27.Nb7 Nf4 28.Qe5 Nxg2 29.Rxg2 Rxg2+
30.Kxg2 Bxb7 31.Rxb7 Qxc3 32.Ba4+  1-0

[Event "ROM-ch"]
[Site "Bucuresti"]
[Date "1998.12.22"]
[Round "14"]
[White "Marin, Mihail"]
[Black "Szuhanek, Ranko"]
[Result "1/2-1/2"]
[WhiteElo "2530"]
[BlackElo "2400"]

1.Nf3 d5 2.c4 c6 3.e3 Nf6 4.Nc3 e6 5.d4 Nbd7 6.Qc2 Bd6 7.Bd3 O-O 8.O-O dxc4
9.Bxc4 a6 10.Rd1 Qe7 11.Ne4 Nxe4 12.Qxe4 c5 13.Bd2 Nf6 14.Qh4 b5 15.dxc5  1/2-1/2

[Event "Groningen op"]
[Site "Groningen"]
[Date "1998.12.22"]
[Round "3"]
[White "Khurtsidze, Nino"]
[Black "Van den Doel, Erik"]
[Result "1/2-1/2"]
[WhiteElo "2375"]
[BlackElo "2480"]

1.d4 Nf6 2.Nf3 d5 3.c4 e6 4.Nc3 c6 5.e3 Nbd7 6.Qc2 Bd6 7.Bd2 O-O 8.O-O-O c5
9.e4 cxd4 10.Nxd4 Be5 11.Bg5 dxe4 12.Kb1 Qb6 13.Be3 Ng4 14.Nxe4 Nxe3 15.fxe3 Nf6
16.Bd3 Ng4 17.c5 Qd8 18.Nd6 Bxd6 19.cxd6 Nxe3 20.Bxh7+ Kh8 21.Qe2 Qg5 22.Rde1 Kxh7
23.Qxe3 Qxe3 24.Rxe3 Rd8 25.Rc1 Rxd6 26.Nb5 Rd2 27.Rc7 a6 28.Rxf7 Kg8 29.Ref3 Bd7
30.Nc3 Bc6 31.Rf2 Rad8 32.Kc1 Rxf2 33.Rxf2 Rd4 34.g3 Kh7 35.Re2 Rd6 36.Rd2 Bd5
37.Rd4 Kg6 38.Kd2 Rd8 39.Ke3 Kf6 40.Nxd5+ exd5 41.Rf4+ Ke6 42.Rg4 Rd7 43.h4 Re7
44.Kd4 Kf6 45.Kxd5 a5 46.a4 Re3 47.Kc4 g6 48.Rg5 Re2 49.Rxa5 Rxb2 50.Rb5 Rg2
51.Rxb7 Rxg3 52.Rb4 g5 53.Rb6+ Ke7 54.h5 Rh3 55.h6 g4 56.Kd4 Kf7 57.a5 Ra3
58.a6 g3 59.Kc4 g2 60.Rb7+ Kg6 61.Rg7+ Kxh6 62.Rxg2  1/2-1/2

[Event "Groningen Festival (Women)"]
[Site "Groningen"]
[Date "1998.12.22"]
[Round "3"]
[White "Zhukova, Natalia"]
[Black "Peng, Zhaoqin"]
[Result "1/2-1/2"]
[WhiteElo "2460"]
[BlackElo "2425"]

1.d4 d5 2.Nf3 Nf6 3.c4 c6 4.Nc3 e6 5.e3 Nbd7 6.Bd3 dxc4 7.Bxc4 b5 8.Be2 Bb7
9.e4 b4 10.e5 bxc3 11.exf6 cxb2 12.fxg7 Bxg7 13.Bxb2 Qa5+ 14.Nd2 c5 15.O-O cxd4
16.Nb3 Qg5 17.Bf3 Bxf3 18.Qxf3 O-O 19.Bxd4 Ne5 20.Qe4 Qg4 21.f4 Ng6 22.Rf3 Rad8
23.h3 Qh4 24.Rc1 Bxd4+ 25.Nxd4 Qf6 26.Nc6 Rd2 27.Rcf1 Rxa2 28.Rg3 Kh8 29.f5 exf5
30.Rxf5 Qd6 31.Ne5 Nxe5 32.Rxe5 Ra1+ 33.Kh2 Qd1 34.Rgg5 Qg1+ 35.Kg3 Ra3+
36.Kh4 f6 37.Rgf5 Rg8 38.Rxf6 Qd1 39.Rd5 Qc1 40.Rh5 Qc7 41.Qe5 Qxe5 42.Rxe5 Rxg2
43.Re7 Rgg3  1/2-1/2

[Event "Groningen op"]
[Site "Groningen"]
[Date "1998.12.23"]
[Round "4"]
[White "Radziewicz, Iweta"]
[Black "Middelburg, Tom"]
[Result "0-1"]
[WhiteElo "2425"]
[BlackElo "2230"]

1.d4 d5 2.c4 c6 3.Nc3 e6 4.e3 Nf6 5.Nf3 Nbd7 6.Qc2 Bd6 7.g4 dxc4 8.Bxc4 b6
9.g5 Nd5 10.Nxd5 cxd5 11.Bd3 Bb7 12.Bd2 Rc8 13.Bc3 a6 14.a4 e5 15.Bf5 e4
16.Ne5 Bxe5 17.Bxd7+ Qxd7 18.dxe5 d4 19.O-O-O d3 20.Qb3 O-O 21.Rhg1 Bd5 22.Qa3 Rc4
23.a5 Ra4 24.Qd6 Ra1+ 25.Kd2 Rxd1+ 26.Rxd1 Qf5 27.f4 Qg4 28.Kc1 Qe2 29.Rd2 Qe1+
30.Rd1 Qe2 31.Rd2 Qe1+ 32.Rd1 Qxe3+ 33.Kb1 Qe2 34.Rc1 d2 35.Qxd5 dxc1=Q+
36.Kxc1 bxa5 37.Qd4 Qd3 38.Qxd3 exd3 39.Kd2 Rd8 40.Bxa5 Rd5 41.Bc3 g6 42.Ke3 Kf8
43.Bd2 Ke7 44.h4 Ke6 45.Ke4 Rd7 46.h5 Rd8 47.h6 Rd7 48.Kf3 Kf5 49.Ke3 Rd8
50.b3 Rd7 51.b4 Rd8 52.Kf3 Rd4 53.e6 fxe6 54.Be3 d2 55.Bxd2 Rxd2 56.b5 axb5  0-1

[Event "Lohmar 9899"]
[Site "Lohmar"]
[Date "1998.12.27"]
[Round "2"]
[White "Lamprecht, Mark"]
[Black "Tuerk, Alexander"]
[Result "0-1"]
[WhiteElo "2150"]
[BlackElo "2240"]

1.c4 e6 2.Nc3 d5 3.e3 c6 4.Nf3 Nf6 5.d4 Nbd7 6.Bd3 dxc4 7.Bxc4 b5 8.Be2 a6
9.O-O c5 10.b3 Bb7 11.Bb2 Bd6 12.dxc5 Nxc5 13.b4 Nce4 14.Nxe4 Nxe4 15.a3 O-O
16.Rc1 Ng5 17.Qd4 Nxf3+ 18.Bxf3 e5 19.Qd1 e4 20.Be2 Qe7 21.Qd4 f5 22.Rfd1 Rf6
23.g3 Rg6 24.a4 f4 25.axb5 fxg3 26.fxg3 Bxg3 27.Bc4+ Kh8 28.Kh1 Bxh2 29.Rc2 Bc7
30.Rg2 Qh4+ 31.Kg1 Rxg2+ 32.Kxg2 Qh2+ 33.Kf1 Rf8+  0-1

[Event "Ambassador op"]
[Site "Bern"]
[Date "1998.12.28"]
[Round "4"]
[White "Barbero, Gerardo F"]
[Black "Rausis, Igors"]
[Result "0-1"]
[WhiteElo "2415"]
[BlackElo "2535"]

1.Nf3 d5 2.c4 c6 3.e3 Nf6 4.Nc3 e6 5.d4 Nbd7 6.Qc2 b6 7.cxd5 exd5 8.Bd3 Be7
9.O-O O-O 10.b3 h6 11.Bb2 Bb7 12.Rac1 Bd6 13.Ne2 Re8 14.Ng3 a5 15.a4 Rc8
16.Qb1 Rc7 17.Rfe1 Qa8 18.Bc3 Ba6 19.Bc2 Rcc8 20.Bf5 Rcd8 21.b4 axb4 22.Bxb4 Bxg3
23.hxg3 Bc4 24.Bc2 b5 25.axb5 cxb5 26.Nh4 Nb8 27.f3 Nc6 28.Nf5 g6 29.Nh4 Nxb4
30.Qxb4 Qb8 31.Kf2 Qd6 32.Qxd6 Rxd6 33.g4 Ra8 34.Bb1 Ra3 35.g3 Rda6 36.Ng2 g5
37.Rh1 Rb3 38.Bf5 Ra2+ 39.Kg1 Rbb2 40.Ne1 b4 41.Rxh6 Kg7 42.Rh3 b3 43.e4 Rf2  0-1

[Event "Stavanger op 9899"]
[Site "Stavanger"]
[Date "1998.12.29"]
[Round "6"]
[White "Harestad, Thor Geir"]
[Black "Gronn, Atle"]
[Result "1-0"]
[WhiteElo "2235"]
[BlackElo "2310"]

1.d4 d5 2.Nf3 c6 3.c4 e6 4.e3 Nf6 5.Nc3 Nbd7 6.Bd3 Bd6 7.O-O O-O 8.b3 Re8
9.Bb2 dxc4 10.Bxc4 b5 11.Bd3 Bb7 12.Qe2 e5 13.dxe5 Nxe5 14.Nxe5 Bxe5 15.a3 Qe7
16.Rac1 Rad8 17.Bb1 Bd6 18.b4 Qe5 19.g3 Qe6 20.Qf3 Be5 21.Bf5 Qb3 22.Qe2 g6
23.Bb1 Qe6 24.Ba2 Qh3 25.f3 Rd6 26.Ne4 Nxe4 27.fxe4 Qd7 28.Bxf7+ Qxf7 29.Rxf7 Kxf7
30.Rf1+ Rf6 31.Rxf6+ Bxf6 32.Qf3  1-0

[Event "Rilton Cup 9899"]
[Site "Stockholm"]
[Date "1998.12.29"]
[Round "2"]
[White "Ahlander, Bjorn"]
[Black "Ofstad, Per"]
[Result "1-0"]
[WhiteElo "2410"]
[BlackElo "2185"]

1.d4 d5 2.c4 c6 3.Nc3 Nf6 4.Nf3 e6 5.e3 Nbd7 6.Bd3 dxc4 7.Bxc4 b5 8.Be2 a6
9.O-O Bb7 10.e4 b4 11.e5 bxc3 12.exf6 gxf6 13.bxc3 Qc7 14.c4 Rd8 15.Rb1 Be7
16.Bd2 c5 17.d5 exd5 18.Qe1 d4 19.Ba5 Qc6 20.Bxd8 Kxd8 21.Nh4 Rg8 22.Bf3 Qxf3
23.Nxf3 Bxf3 24.Qa5+ Ke8 25.g3 Bd6 26.Qxa6 Ke7 27.Rfe1+ Be5 28.Qa3 Ra8  1-0

[Event "Rilton Cup 9899"]
[Site "Stockholm"]
[Date "1998.12.30"]
[Round "3"]
[White "Akesson, Ralf"]
[Black "Ornstein, Axel"]
[Result "1/2-1/2"]
[WhiteElo "2510"]
[BlackElo "2425"]

1.d4 d5 2.c4 c6 3.Nc3 Nf6 4.e3 e6 5.Nf3 Nbd7 6.Bd3 dxc4 7.Bxc4 b5 8.Bd3 Bd6
9.O-O O-O 10.e4 e5 11.h3 a6 12.Bc2 c5 13.d5 c4 14.b3 cxb3 15.axb3 Rb8 16.Bd2 Re8
17.Qb1 Bb4 18.Qb2 Nh5 19.Ne2 Bxd2 20.Nxd2 Rb6 21.Qc3 Nf8 22.Kh2 Rh6 23.Bd1 Ng6
24.Rc1 Nhf4 25.Ng1 Qg5 26.Qg3 Nxh3 27.Qxg5 Nxg5+ 28.Kg3 f5  1/2-1/2

[Event "Lohmar 9899"]
[Site "Lohmar"]
[Date "1998.12.31"]
[Round "6"]
[White "Grimm, Sascha"]
[Black "Tuerk, Alexander"]
[Result "1-0"]
[WhiteElo "2295"]
[BlackElo "2240"]

1.c4 c6 2.Nf3 d5 3.d4 Nf6 4.Nc3 e6 5.e3 Nbd7 6.Qc2 Bd6 7.Be2 O-O 8.O-O Qe7
9.Bd2 b6 10.a4 a5 11.e4 dxe4 12.Nxe4 Nxe4 13.Qxe4 Bb7 14.Bg5 f6 15.Bd3 g6
16.Bh6 Rfe8 17.Rfe1 f5 18.Qe3 e5 19.c5 bxc5 20.Bc4+ Kh8 21.dxe5 Nxe5 22.Nxe5 Qxe5
23.Qxe5+ Bxe5 24.Bf7 Re7 25.Bg5 Bxh2+ 26.Kxh2 Rxf7 27.Rac1 f4 28.Rxc5 h6
29.Re7 Raf8 30.Rxf7 Rxf7 31.Bd8 f3 32.Bxa5 fxg2 33.Kxg2 Rf5 34.Bc3+ Kh7 35.Rxf5 c5+
36.Kg3 gxf5 37.Kf4 Kg6 38.Ke5 h5 39.Ke6 f4 40.Ke5 f3 41.Bd2 c4 42.a5 h4 43.Bf4 Ba6
44.Ke6 Bb7 45.Bc7 Ba6 46.Bd8 h3 47.Bc7 Kg5 48.Bh2 Kg4 49.Bg3 Kg5 50.Kd5 Kg4
51.Ke4 Bb7+ 52.Kd4 Ba6 53.Kc5 Kf5 54.Kb6 Bc8 55.Kb5 Be6 56.Kc5 Ke4 57.a6 Bd5
58.Bh2 c3 59.bxc3 Ba8 60.Kc4 Bd5+ 61.Kc5 Ba8 62.c4 Kd3 63.Bg3 Ke2 64.Kd6 Kf1
65.c5 Kg2 66.c6 Bxc6 67.Kxc6 h2 68.Bxh2 Kxh2 69.a7 Kg2 70.a8=Q Kxf2 71.Kd5 Kg1
72.Qa1+ Kg2 73.Qg7+ Kh1 74.Qh6+ Kg1 75.Qg5+ Kf1 76.Ke4 f2 77.Ke3 Ke1 78.Qg3  1-0

[Event "AUT-chT2O 9798"]
[Site "Austria"]
[Date "1998.??.16"]
[Round "7"]
[White "Wukits, Rene"]
[Black "Pingitzer, Harald"]
[Result "0-1"]
[WhiteElo "2240"]
[BlackElo "2345"]

1.d4 d5 2.c4 c6 3.Nf3 e6 4.e3 Nf6 5.Nc3 Nbd7 6.Bd3 dxc4 7.Bxc4 b5 8.Bd3 Bb7
9.O-O a6 10.e4 c5 11.e5 Bxf3 12.Qxf3 cxd4 13.Nxb5 Nd5 14.Nd6+ Bxd6 15.exd6 Ne5
16.Qg3 Nxd3 17.Qxd3 Qxd6 18.Qxd4 O-O 19.Rd1 Rfc8 20.Bd2 Qb6 21.Qxb6 Nxb6
22.Rac1 Re8 23.Rc6 Nd5 24.Ba5 Reb8 25.Rdc1 g6 26.b3 Kg7 27.R6c4 Rb5 28.Bd2 h5
29.g3 Rbb8 30.b4 Kf6 31.a4 Rb7 32.Rb1 Ke7 33.Rc2 Rab8 34.Rcb2 Nb6 35.Ra2 Nd5
36.Rab2 Nb6 37.Ra2 Nd5 38.Rab2 Nb6 39.Bf4 Nxa4 40.Rd2 Ra8 41.Bd6+ Ke8 42.Ra1 Nc3
43.Rb2 Rb5 44.Rc2 Nd5 45.Rca2 Rb6 46.Bc5 Rc6 47.Kg2 Nc7 48.Be3 f6 49.Ra5 Rd8
50.Rc5 Rxc5 51.Bxc5 Ra8 52.Rd1 Nd5 53.Ra1 Kd7 54.f4 Kc6 55.Ra5 Kb7 56.Ra1 Rc8
57.Kf3 Rc6 58.Ke2 Nb6 59.Kd3 Nd7 60.Kc4 Kc7 61.Kd4 Kd8 62.h3 Ke8 63.g4 Kf7
64.Kc4 hxg4 65.hxg4 g5 66.fxg5 Ne5+ 67.Kc3 fxg5 68.Kd4 Nd7 69.Kc4 Kg7 70.Rd1 Nf6
71.Rd6 Nxg4 72.Kd4 Rxd6+ 73.Bxd6 Nf6 74.Ke5 Kf7 75.Kd4 Nd7 76.Kc4 e5 77.Kd5 Kf6
78.Bc7 g4 79.Bd8+ Kf5 80.Kc6 Nf6 81.Kb6 g3 82.Kxa6 Nd5 83.b5 g2 84.b6 Nxb6
85.Bxb6 Ke4 86.Kb5 Kd3  0-1

[Event "AUT-chT2O 9798"]
[Site "Austria"]
[Date "1998.??.17"]
[Round "8"]
[White "Uhlmann, Wolfgang"]
[Black "Haba, Petr"]
[Result "1/2-1/2"]
[WhiteElo "2485"]
[BlackElo "2580"]

1.c4 c6 2.d4 d5 3.Nc3 e6 4.e3 Nf6 5.Nf3 Nbd7 6.Qc2 Bd6 7.e4 dxe4 8.Nxe4 Nxe4
9.Qxe4 e5 10.dxe5 O-O 11.Bd3 f5 12.Qe2 Nxe5 13.Nxe5 Bxe5 14.O-O Qf6 15.Re1  1/2-1/2

[Event "Aberdeen op"]
[Site "Aberdeen"]
[Date "1998.??.??"]
[Round "?"]
[White "Lalic, Bogdan"]
[Black "Summerscale, Aaron"]
[Result "1/2-1/2"]
[WhiteElo "2545"]
[BlackElo "2440"]

1.d4 d5 2.c4 c6 3.Nc3 Nf6 4.e3 e6 5.Nf3 Nbd7 6.Bd3 Bd6 7.e4 dxe4 8.Nxe4 Nxe4
9.Bxe4 O-O 10.O-O h6 11.Bc2 e5 12.Qd3 f5 13.c5 Bc7 14.Qc4+ Kh8 15.Nxe5 Nxe5
16.dxe5 Bxe5 17.Bf4 Be6 18.Qxe6 Bxf4 19.g3 Bg5 20.Rad1 Qf6 21.Qxf6 Bxf6 22.Rd7 Rab8
23.b4 f4 24.gxf4 Bc3 25.a3 Rxf4 26.Rfd1 Rff8 27.Be4 a6 28.R1d3 Bf6 29.Kg2 Rfd8
30.a4 Rxd7 31.Rxd7 Bc3 32.b5 axb5 33.axb5 Bb4 34.bxc6 bxc6 35.Rc7 Bxc5 36.Rxc6  1/2-1/2

[Event "UKR-chT"]
[Site "Alushta"]
[Date "1998.??.??"]
[Round "?"]
[White "Kruppa, Yuri"]
[Black "Korobov, Anton"]
[Result "1-0"]
[WhiteElo "2540"]
[BlackElo "2165"]

1.d4 d5 2.c4 e6 3.Nc3 c6 4.e3 Nf6 5.Nf3 Nbd7 6.Qc2 Bd6 7.Bd3 O-O 8.O-O dxc4
9.Bxc4 Qe7 10.a3 e5 11.h3 Re8 12.Ba2 Nf8 13.dxe5 Bxe5 14.Nxe5 Qxe5 15.Bb1 Be6
16.f4 Qh5 17.e4 Bc4 18.Re1 Qh4 19.Qf2 Qxf2+ 20.Kxf2 Rad8 21.e5 Nd5 22.Ne4 Re7
23.Bc2 Ne6 24.Rd1 Rf8 25.b3 Ba6 26.f5 Nec7 27.Bb2 g6 28.g4 b6 29.b4 Nf4 30.Nf6+  1-0

[Event "UKR-chT"]
[Site "Alushta"]
[Date "1998.??.??"]
[Round "?"]
[White "Davidovic, Aleksandar"]
[Black "Korobov, Anton"]
[Result "0-1"]
[WhiteElo "2410"]
[BlackElo "2165"]

1.c4 e6 2.Nf3 d5 3.d4 c6 4.e3 Nf6 5.Nc3 Nbd7 6.Qc2 Bd6 7.Bd3 O-O 8.O-O dxc4
9.Bxc4 b5 10.Bd3 Bb7 11.Bd2 a6 12.Ng5 h6 13.Nge4 Bb8 14.f4 Qe7 15.b4 Ba7
16.a3 Bb6 17.Nc5 Nxc5 18.bxc5 Bc7 19.e4 Ba5 20.Ne2 Bxd2 21.Qxd2 Rad8 22.Qb2 Nd7
23.Rad1 Nf6 24.Rf3 Rd7 25.Bb1 Rfd8 26.Qc2 g6 27.Ba2 a5 28.e5 Ne8 29.Qc3 b4
30.axb4 axb4 31.Qxb4 Ng7 32.Ng3 Ba6 33.Rd2 Qh4 34.h3 g5 35.Ne4 Qe1+ 36.Kh2 Qxe4
37.fxg5 hxg5 38.Qb6 Bb5  0-1

[Event "UKR-chT"]
[Site "Alushta"]
[Date "1998.??.??"]
[Round "?"]
[White "Ganin, Maksim"]
[Black "Bashilin, Roman"]
[Result "1-0"]
[WhiteElo "2335"]
[BlackElo "2395"]

1.d4 Nf6 2.Nf3 e6 3.c4 d5 4.Nc3 c6 5.e3 Bd6 6.Bd3 Nbd7 7.e4 dxe4 8.Nxe4 Nxe4
9.Bxe4 Nf6 10.Bc2 b6 11.O-O Bb7 12.Bg5 Qc7 13.Qe2 O-O-O 14.Rad1 h6 15.Bh4 g5
16.Bg3 Rhg8 17.Ne5 Qe7 18.Ba4 Bxe5 19.Qxe5 Ba8 20.Qb8+ Kd7 21.Qxa7+ Ke8 22.Qxb6 Qb7
23.Qa5 Nd7 24.Rfe1 Qb6 25.Bc7 Qxa5 26.Bxa5 Rb8 27.d5 Nc5 28.Bxc6+ Bxc6 29.dxc6 Ke7
30.Bc7  1-0

[Event "UKR-chT"]
[Site "Alushta"]
[Date "1998.??.??"]
[Round "?"]
[White "Khomyakov, Vladimir"]
[Black "Timoshenko, Igor"]
[Result "1-0"]
[WhiteElo "2340"]
[BlackElo "2295"]

1.Nf3 d5 2.c4 c6 3.d4 Nf6 4.Nc3 e6 5.e3 Nbd7 6.Qc2 Bd6 7.Bd3 O-O 8.O-O dxc4
9.Bxc4 b5 10.Be2 Re8 11.Rd1 Qc7 12.e4 e5 13.g3 b4 14.dxe5 Nxe5 15.Na4 Bg4
16.Nxe5 Bxe2 17.Qxe2 Rxe5 18.f3 Ra5 19.b3 Re8 20.Be3 h5 21.Nb2 Be5 22.Nc4 Bxa1
23.Nxa5 Qxa5 24.Rxa1 h4 25.Rc1 hxg3 26.hxg3 Re6 27.Kf2 Qc7 28.Qd2 a6 29.Bf4 Qd7
30.Qd1 Qb7 31.Rc4 a5 32.Qd8+ Kh7 33.Qc7 Qa6 34.Qxf7 Qc8 35.Rc5 a4 36.Rf5  1-0

[Event "Paulisto-ch"]
[Site "Americana"]
[Date "1998.??.??"]
[Round "3"]
[White "De Souza, Mauro"]
[Black "Fernandez, Rodrigo Amaral"]
[Result "1/2-1/2"]
[WhiteElo "2405"]
[BlackElo "2275"]

1.d4 d5 2.c4 e6 3.Nc3 c6 4.e3 Nf6 5.Nf3 Nbd7 6.Bd3 Be7 7.O-O O-O 8.e4 dxe4
9.Nxe4 c5 10.Nxf6+ Nxf6 11.dxc5 Qc7 12.Bg5 Qxc5 13.Qe2 Rd8 14.Rad1 Bd7 15.Ne5 Be8
16.Rfe1 Nd7 17.b4 Qxb4 18.Rb1 Qd6 19.Bxe7 Qxe7 20.Rxb7 Qd6 21.Nxd7 Bxd7 22.Be4 Be8
23.h3 g6 24.Qf3 Rac8 25.Rc1 Qd4  1/2-1/2

[Event "Paulisto-ch"]
[Site "Americana"]
[Date "1998.??.??"]
[Round "5"]
[White "De Souza, Mauro"]
[Black "Frare, Fernando"]
[Result "1/2-1/2"]
[WhiteElo "2405"]
[BlackElo "2225"]

1.d4 d5 2.c4 e6 3.Nc3 c6 4.Nf3 Nf6 5.e3 Nbd7 6.Bd3 Be7 7.O-O O-O 8.b3 b6
9.Bb2 Bb7 10.Qe2 c5 11.Rfd1 cxd4 12.exd4 Rc8 13.Ne5 Bd6 14.Nb5 Bb8 15.a4 a6
16.Nc3 dxc4 17.Bxc4 a5 18.Ba3 Re8 19.Nb5 Nf8 20.Bc1 Nd5 21.Qf3 f6 22.Ng4 Qd7
23.Qh3 Nf4 24.Bxf4 Bxf4 25.Ne3 Bxe3 26.fxe3 Bd5 27.Qg3 Red8 28.Rac1 Rc6 29.Rd3 Rdc8
30.Rdc3 Kh8 31.h4 f5 32.h5 h6 33.Qe5 Bxc4 34.Rxc4 Rxc4 35.Rxc4 Rxc4 36.bxc4 Qc6
37.Qd6 Qxd6 38.Nxd6 Nd7 39.Kf2 Kg8 40.Kf3 Kf8 41.e4 fxe4+ 42.Nxe4 Ke7 43.g4 Nb8
44.Nc3 Kf6 45.Kf4 Nd7 46.Ne4+ Ke7 47.g5 e5+ 48.dxe5 Ke6 49.gxh6 gxh6 50.Nd2 Nxe5
51.Ke4 Nd7 52.Nb3 Nf6+ 53.Kf3 Kd6 54.c5+ bxc5 55.Nxa5 Nxh5 56.Nc4+ Kc6 57.Kg4 Nf6+
58.Kf5 Nd5 59.Kg6 Nc3 60.Nb2 Kb6 61.Nd3 Nxa4 62.Nxc5  1/2-1/2

[Event "Arco op"]
[Site "Arco"]
[Date "1998.??.??"]
[Round "4"]
[White "Mahn, Franko"]
[Black "Heinlein, Reinhold"]
[Result "0-1"]
[WhiteElo "2190"]
[BlackElo "2100"]

1.d4 d5 2.c4 e6 3.Nc3 c6 4.e3 Nf6 5.Nf3 Nbd7 6.Qc2 Bd6 7.Bd2 O-O 8.Bd3 dxc4
9.Bxc4 c5 10.dxc5 Bxc5 11.O-O Qe7 12.a3 a6 13.b4 Bd6 14.Bd3 Rd8 15.Rfd1 h6
16.Rac1 e5 17.Be1 Nb6 18.Nd2 Bd7 19.Nde4 Nxe4 20.Bxe4 Rac8 21.Qd3 Bb8 22.Nd5 Nxd5
23.Rxc8 Bxc8 24.Bxd5 Be6 25.e4 Ba7 26.Qb3 Bxd5 27.Rxd5 Rc8 28.Rd1 Bd4 29.Bd2 Rc6
30.g3 Qc7 31.Qf3 Rf6 32.Qg4 Rxf2 33.Kh1 Qc2  0-1

[Event "Arco op"]
[Site "Arco"]
[Date "1998.??.??"]
[Round "7"]
[White "Timoshenko, Georgy"]
[Black "Rotstein, Arkadij"]
[Result "1/2-1/2"]
[WhiteElo "2560"]
[BlackElo "2485"]

1.d4 Nf6 2.Nf3 d5 3.c4 c6 4.Nc3 e6 5.e3 Nbd7 6.Qc2 Bd6 7.Bd3 dxc4 8.Bxc4 O-O
9.O-O b5 10.Be2 Bb7 11.Rd1 Qc7 12.h3 e5 13.Ng5 exd4 14.exd4 h6 15.Nge4 Bh2+
16.Kh1 Bf4 17.Bf3 a6 18.Ne2 Bxc1 19.Raxc1 Nxe4 20.Qxe4 Rfe8 21.Qf4 Rac8 22.Qxc7 Rxc7
23.Nf4 Nb6 24.d5 Nc4 25.dxc6 Bxc6 26.b3 Bxf3 27.gxf3 Nb2 28.Rxc7 Nxd1 29.Kg2 Rd8
30.Kf1 b4 31.Rc6 Nc3 32.Rxa6 Rd4 33.Nh5 Rd2 34.a4 Re2 35.Rb6 Rb2 36.a5 Rb1+
37.Kg2 Ra1  1/2-1/2

[Event "Arco op"]
[Site "Arco"]
[Date "1998.??.??"]
[Round "8"]
[White "Naumkin, Igor"]
[Black "Slobodjan, Roman"]
[Result "1/2-1/2"]
[WhiteElo "2435"]
[BlackElo "2530"]

1.d4 d5 2.c4 c6 3.Nc3 Nf6 4.Nf3 e6 5.e3 Nbd7 6.Qc2 Bd6 7.Bd3 O-O 8.O-O dxc4
9.Bxc4 a6 10.a4 c5 11.Rd1 Qc7 12.Qe2 b6  1/2-1/2

[Event "Arco op"]
[Site "Arco"]
[Date "1998.??.??"]
[Round "9"]
[White "Siegmund, Rainer"]
[Black "Heinlein, Reinhold"]
[Result "1-0"]
[WhiteElo "2140"]
[BlackElo "2100"]

1.d4 d5 2.c4 e6 3.Nc3 c6 4.Nf3 Nf6 5.e3 Nbd7 6.Qc2 Bd6 7.b3 O-O 8.Bb2 Qe7
9.Be2 dxc4 10.bxc4 e5 11.O-O e4 12.Nd2 Re8 13.Rfd1 Nf8 14.Nf1 Ng6 15.a4 Nh4
16.d5 Ng4 17.Ng3 Nf6 18.dxc6 bxc6 19.Ncxe4 Nxe4 20.Qxe4 Qxe4 21.Nxe4 Bc7
22.Nd6 Rd8 23.Nxc8 Raxc8 24.Rxd8+ Rxd8 25.Rd1 Rb8 26.Bd4 Nf5 27.Bc5 g6 28.g4 Ng7
29.Bf3 Ne6 30.Bd6 Bxd6 31.Rxd6 c5 32.Rd7 a6 33.Ra7 Rb4 34.Rxa6 Rxc4 35.Bd5 Rc1+
36.Kg2 Nc7 37.Rd6 Rd1 38.e4 c4 39.Bxf7+  1-0

[Event "AUT-chT2W 9798"]
[Site "Austria"]
[Date "1998.??.??"]
[Round "8"]
[White "Anegg, R."]
[Black "Kranewitter, Norbert"]
[Result "0-1"]
[WhiteElo "1900"]
[BlackElo "2250"]

1.d4 d5 2.c4 c6 3.Nf3 Nf6 4.Nc3 e6 5.e3 Nbd7 6.Bd3 dxc4 7.Bxc4 b5 8.Bd3 Bb7
9.O-O Be7 10.Qe2 b4 11.Na4 c5 12.Rd1 Qa5 13.dxc5 Nxc5 14.Bb5+ Kf8 15.Nxc5 Bxc5
16.Bd2 Qb6 17.a3 a5 18.axb4 axb4 19.Qc4 Rxa1 20.Rxa1 Bd5 21.Qe2 Ke7 22.Bd3 Rd8
23.e4 Bb7 24.e5 Ng4 25.Bg5+ f6 26.exf6+ gxf6 27.Bh4 Qd6 28.Be4 Bc8 29.h3 Nh6
30.Bxh7 Nf7 31.Bc2 Rh8 32.Bg3 Qxg3  0-1

[Event "AUT-chT2O 9899"]
[Site "AUT"]
[Date "1998.??.??"]
[Round "2"]
[White "Voegel, Wolfgang"]
[Black "Milanollo, Mario"]
[Result "1-0"]
[WhiteElo "2230"]
[BlackElo "2105"]

1.d4 d5 2.c4 e6 3.Nc3 c6 4.e3 Nf6 5.Nf3 Nbd7 6.Qc2 Bd6 7.b3 Qe7 8.Bb2 O-O
9.Bd3 e5 10.cxd5 cxd5 11.dxe5 Nxe5 12.Nxe5 Bxe5 13.Ne2 Bd7 14.Bxe5 Qxe5 15.Qc3 Qe7
16.O-O Rac8 17.Qb2 Rfd8 18.Rac1 Bc6 19.Nd4 Qe5 20.Qe2 Bd7 21.h3 a6 22.Qb2 Qg5
23.Nf3 Qh5 24.Rxc8 Bxc8 25.Qe2 Ne4 26.Rc1 Qg6 27.Kh1 Bf5 28.Nh4 Qf6 29.Nxf5 Qxf5
30.Kg1 Qf6 31.Qc2 Re8 32.Bxe4 dxe4 33.Qxe4  1-0

[Event "Bayern-ch Bank Hofmann 2nd"]
[Site "Bad Wiesse"]
[Date "1998.??.??"]
[Round "7"]
[White "Caoili, Arianne"]
[Black "Schmidt Schaeffer, Sebastian"]
[Result "0-1"]
[WhiteElo "2050"]
[BlackElo "2370"]

1.d4 d5 2.c4 e6 3.Nc3 Nf6 4.Nf3 c6 5.e3 Nbd7 6.Qc2 Bd6 7.Bd3 O-O 8.O-O h6
9.Rd1 Qe7 10.Nd2 Re8 11.e4 e5 12.dxe5 Qxe5 13.Nf3 Qh5 14.exd5 Ne5 15.Nxe5 Bxe5
16.g3 Bg4 17.Re1 Bxg3 18.Rxe8+ Rxe8 19.fxg3 Re1+ 20.Kf2 Rh1 21.Qa4 Qxh2+
22.Ke3 Re1+  0-1

[Event "Bayern-ch Bank Hofmann 2nd"]
[Site "Bad Wiesse"]
[Date "1998.??.??"]
[Round "9"]
[White "Lobron, Eric"]
[Black "Sturua, Zurab"]
[Result "1/2-1/2"]
[WhiteElo "2540"]
[BlackElo "2600"]

1.Nf3 Nf6 2.c4 e6 3.d4 d5 4.Nc3 c6 5.e3 Nbd7 6.Qc2 Bd6 7.Bd3 O-O 8.O-O dxc4
9.Bxc4 a6 10.Rd1 c5 11.dxc5 Bxc5 12.Bd3 Qe7 13.Bd2 b6 14.Ne4 Bb7 15.Bc3 h6
16.Ne5 Nxe5 17.Bxe5 Nxe4 18.Bxe4 Rac8 19.Bxb7 Qxb7 20.Qe2 Rfd8 21.Bc3 b5
22.Rxd8+ Rxd8 23.Rd1 Rd7 24.Rxd7 Qxd7 25.Qd2 Qxd2 26.Bxd2 f5 27.Bc3 Kf7 28.Kf1 g5
29.Ke2 g4 30.f3 Bd6 31.fxg4 fxg4 32.h3 gxh3 33.gxh3 Kg6 34.Kf3 Kf5 35.e4+ Kg6
36.b3 Kh5 37.a4 Bc7 38.axb5 axb5 39.Bd4 Bd6 40.Bc3 Kg5 41.Bd4 Kh4 42.Kg2 Kg5
43.Kf3 Kh4 44.Kg2 Kg5 45.Kf3  1/2-1/2

[Event "Hessen-ch"]
[Site "Bad Wildungen"]
[Date "1998.??.??"]
[Round "6"]
[White "Duncker, Joachim"]
[Black "Marchio, Enrico"]
[Result "0-1"]
[WhiteElo "2265"]
[BlackElo "2280"]

1.d4 d5 2.Nf3 c6 3.c4 Nf6 4.e3 e6 5.Nc3 Nbd7 6.Bd3 dxc4 7.Bxc4 b5 8.Bd3 a6
9.O-O c5 10.e4 cxd4 11.Nxd4 Ne5 12.Bc2 Bb7 13.Bg5 Rc8 14.h3 h6 15.Bxf6 gxf6
16.Nf3 Qxd1 17.Bxd1 Nd3 18.Rb1 Nxb2 19.Nxb5 Nxd1 20.Nbd4 Bxe4 21.Rbxd1 Bb4
22.Rc1 Ke7 23.Ne2 Rhd8 24.Ng3 Bd5 25.a4 a5 26.Rfd1 Bb3 27.Rxc8 Rxd1+ 28.Kh2 Bxa4
29.Rh8 Bc6 30.Rxh6 a4 31.Rh4 a3 32.Nd4 Rxd4  0-1

[Event "Bagneux"]
[Site "Bagneux"]
[Date "1998.??.??"]
[Round "7"]
[White "Sinkovics, Peter"]
[Black "Eusebe, Aurelien"]
[Result "1/2-1/2"]
[WhiteElo "2365"]
[BlackElo "2170"]

1.d4 d5 2.c4 e6 3.Nc3 c6 4.e3 Nf6 5.Nf3 Nbd7 6.Qc2 Bd6 7.Bd3 O-O 8.O-O dxc4
9.Bxc4 a6 10.Rd1 b5 11.Be2 Qc7 12.e4 e5 13.h3 h6 14.Be3 Re8 15.a3 Bb7 16.dxe5 Nxe5
17.Nd4 Ng6 18.Nf5 Bh2+ 19.Kh1 Be5 20.Bf3 Rad8 21.Bc5 Bc8 22.g3 Rxd1+ 23.Rxd1 Rd8
24.Bg2 Rxd1+ 25.Nxd1 Bxf5 26.exf5 Ne7 27.Bxe7 Qxe7 28.Qxc6 Qd7 29.Qxd7 Nxd7
30.f4 Bd4 31.Bc6 Nc5 32.Kg2 Nd3 33.b4 Ne1+ 34.Kf1 Nc2 35.Ke2 Nxa3 36.Bb7 Bf6
37.Ne3 Bd4 38.Nd5 Nc4 39.Bxa6 Nd6 40.g4 Kf8 41.Kd3 Bf2 42.Kc2 Ke8 43.Nc7+ Kd8
44.Nxb5 Nxb5 45.Bxb5 f6 46.Bc4 Be3 47.Kd3 Bxf4 48.Ke4 Bd2 49.b5 h5 50.b6 hxg4
51.hxg4 Ba5 52.b7 Kc7 53.Bd5 Bd2  1/2-1/2

[Event "Regionalliga SO9798"]
[Site "Bayern"]
[Date "1998.??.??"]
[Round "?"]
[White "Schnabel, Hans"]
[Black "Kunze, Holger"]
[Result "0-1"]
[WhiteElo "1955"]
[BlackElo "2090"]

1.d4 d5 2.c4 c6 3.Nf3 Nf6 4.Nc3 e6 5.e3 Nbd7 6.Qc2 Bd6 7.c5 Bc7 8.b4 O-O
9.Be2 e5 10.dxe5 Nxe5 11.O-O Nfg4 12.Nxe5 Nxe5 13.Rd1 Qh4 14.Rd4 Ng4 15.Bxg4 Bxh2+
16.Kf1 Bxg4 17.g3 Qh3+ 18.Ke1 h5 19.Ne2 Qg2 20.Rf4 Rae8 21.Bb2 Re4 22.Qc3 f6
23.Rxe4 dxe4 24.Qc4+ Kh7 25.Nf4 Qf3 26.Bd4 h4 27.gxh4 Bxf4 28.exf4 Rd8  0-1

[Event "Regionalliga SW9899"]
[Site "Bayern"]
[Date "1998.??.??"]
[Round "?"]
[White "Suessmann, Peter"]
[Black "Wiest, Georg"]
[Result "0-1"]
[WhiteElo "2115"]
[BlackElo "2110"]

1.e3 d5 2.c4 c6 3.Nf3 Nf6 4.Nc3 e6 5.d4 Nbd7 6.Bd3 dxc4 7.Bxc4 b5 8.Bd3 a6
9.O-O Bb7 10.b3 Be7 11.Bb2 c5 12.Rc1 Rc8 13.Qe2 Qb6 14.Nb1 O-O 15.a3 Rfd8
16.dxc5 Nxc5 17.Bd4 Qd6 18.Bc2 Bf8 19.Rfd1 Qe7 20.Ne5 Ncd7 21.Nd3 e5 22.Bc3 e4
23.Nf4 Ne5 24.Ba5 Rxd1+ 25.Qxd1 Qd7 26.Qe2 g5 27.Nh3 h6 28.Bc3 Nfg4 29.Qd2 Qc7
30.Qd4 Bg7 31.Kf1 Rd8 32.Qb4 Nd3 33.Bxd3 Rxd3 34.Nd2 Bxc3  0-1